| 000 | 01074pam a2200325 a 4500 | ||
|---|---|---|---|
| 001 | 113114 | ||
| 005 | 20230410105341.0 | ||
| 008 | 910131s1991 enk b 001 0 eng | ||
| 035 | _9(DLC) 91008622 | ||
| 035 | _a4850416 | ||
| 942 |
_2lcc _cbk |
||
| 010 | _a 91008622 | ||
| 020 | _a0521365678 | ||
| 040 |
_aDLC _cDLC _dDLC |
||
| 041 | _aeng | ||
| 043 | _aa-cc--- | ||
| 050 | 1 | 4 |
_aHB 126 _bH873e 1991 |
| 082 | 0 | 0 | _a338.951/009/048 |
| 100 | 1 | _aHsu, Robert C. | |
| 245 | 1 | 0 |
_aEconomic theories in China, 1979-1988 / _cRobert C. Hsu. |
| 260 |
_aCambridge [England] ; _aNew York : _bCambridge University Press, _c1991. |
||
| 300 |
_axii, 198 p. ; _c24 cm. |
||
| 504 | _aIncludes bibliographical references (p. 178-192) and index. | ||
| 650 | 0 |
_aEconomics _zChina. |
|
| 650 | 0 |
_aSocialism _zChina. |
|
| 651 | 0 |
_aChina _xEconomic policy _y1976-2000. |
|
| 650 | 4 |
_aEconomÃa _zChina. |
|
| 856 | 4 | 2 |
_3Publisher description _uhttp://www.loc.gov/catdir/description/cam024/91008622.html |
| 856 | 4 | 1 |
_3Table of contents _uhttp://www.loc.gov/catdir/toc/cam029/91008622.html |
| 999 |
_c34939 _d34939 |
||